Právo sociálneho zabezpečenia

Guardado en:
Detalles Bibliográficos
Otros Autores: Krajčovič, Štefan, Preisinger, Marian
Formato: Libro
Lenguaje:eslovaco
Publicado: Bratislava IURA EDITION 1999
Edición:1. vyd.
Colección:Súbor platných predpisov
Materias:
Etiquetas: Agregar Etiqueta
Sin Etiquetas, Sea el primero en etiquetar este registro!

MARC

LEADER 00000nam a2200000 4500
001 c004360
005 20221123133342.3
020 |a 80-88715-04-0 
041 0 |a slo 
044 |a SK 
245 1 0 |a Právo sociálneho zabezpečenia  |c Hl. zost. Štefan Krajčovič, Marian Preisinger 
250 |a 1. vyd. 
264 1 |a Bratislava  |b IURA EDITION  |c 1999 
300 |a [500] s. 
490 1 |a Súbor platných predpisov 
830 0 |a Súbor platných predpisov 
610 2 0 |a predpisy právne 
610 2 0 |a zabezpečenie sociálne 
610 2 0 |a poistenie nemocenské 
610 2 0 |a dávky sociálne 
610 2 0 |a vyhlášky 
700 1 |a Krajčovič, Štefan 
700 1 |a Preisinger, Marian